000 00671nam a2200241Ia 4500
003 OSt
005 20221007072038.0
006 a|||||r|||| 00| 0
007 ta
008 221006b |||||||| |||| 00| 0 eng d
024 _a1,800
037 _cReference Collections
040 _aFLL
_cFLL
_beng
041 _2eng
_aeng
082 _aZ:91, J52:K4;
100 _aDerham P. David Au.
_9689974
245 0 _aText-book of jurisprudence
250 _a3rd
260 _aLondon
_bOxford university press London
_c1964
650 _aJurisprudence
942 _hZ:91, J52:K4;
_cREF
_2CC
999 _c1145081
_d1145081